000 00304nam a22001337a 4500
008 170627b xxu||||| |||| 00| 0 eng d
020 _a0536006768
041 _aeng
080 _a82
100 _a21
101 _aGJL
245 _aAN INTRODUCTION TO POETRY AND CRITICISM
_cHURTIK,E
942 _2udc
_cBK
999 _c19269
_d19269